| 000 | 01920nam a2200361 i 4500 | ||
|---|---|---|---|
| 003 | DO-SdBNP | ||
| 005 | 20250711144745.0 | ||
| 007 | ta | ||
| 008 | 250711b2024 dr adb|| |||| 00| 0 spa d | ||
| 020 | _a9789945224078 | ||
| 040 |
_aDO-SdBNP _bspa _cBNPHU _erda |
||
| 041 | _aspa | ||
| 082 | 4 |
_axxx _bC397e 2023 _222 |
|
| 245 | 1 | 0 |
_aEstado de las migraciones que atañen a la República Dominicana 2023 / _cautores invitados, Liliana Degiorgis, Puline Kulstad, Rafael Durán Rodríguez, Natalia Riveros, Tess Kulstad ; editorial, Puline Kulstad ; diagramación, Alexandra Deschamps ; prólogo, Bridget Wooding. |
| 264 |
_aSanto Domingo, República Dominicana : _bCentro para la Observación Migratoria y el Desarrollo Social en el Caribe (OBMICA), _c2024. |
||
| 300 |
_a354 páginas : _bilustraciones, gráficos, mapas ; _c28 cm. |
||
| 336 |
_atexto _btxt _2rdacontent |
||
| 337 |
_asin mediación _bn _2rdamedia |
||
| 338 |
_avolumen _bnc _2rdacarrier |
||
| 504 | _aBibliografía: páginas 319-354 | ||
| 505 | _aÍndice de gráficos, 13.-- Índice de tablas, 14.-- Acrónimos, 17.-- Prólogo, 23. -- Contexto de las migraciones internacionales y del caribe, 27. -- La emigración dominicana: cifras y tendencias 2023, 95. -- Flujo inmigratorio: cifras y tendencias, 151. -- Gobernanza de la migraciones en República Dominicana, 217. -- Situación de derechos humanos de las personas migrantes y sus descendientes: un análisis antropológico, 281. -- | ||
| 590 | _aInventariado, 2025 /LP | ||
| 700 | 1 |
_aWooding, Bridget, _eprologuista _4pr. _92231 |
|
| 700 | 1 |
_aKulstad, Pauline, _eeditor _4ed. _988337 |
|
| 700 | 1 |
_aDeschamps, Alexandra. _ediagramador _4di. _91503 |
|
| 700 | 1 |
_aDegiorgis, Liliana _988338 |
|
| 700 | 1 |
_aKulstad, Puline _988339 |
|
| 700 | 1 |
_aDurán Rodríguez, Rafael _988340 |
|
| 700 | 1 |
_aRiveros, Natalia _942979 |
|
| 700 | 1 |
_aKulstad, Tess _986514 |
|
| 910 | _aLP | ||
| 942 |
_2ddc _cLBS1 |
||
| 999 |
_c59513 _d59513 |
||